| 000 | 00540 a2200169 4500 | ||
|---|---|---|---|
| 003 | Nust | ||
| 005 | 20230404120055.0 | ||
| 040 | _cNust | ||
| 082 | _a940.46,CHA | ||
| 100 |
_aJohn Charteris _9108430 |
||
| 245 |
_aAT G.H.Q / _cBrigadier-General John Charteris |
||
| 260 |
_aLondon _bCassell and company _c1931 |
||
| 300 | _a363 | ||
| 505 | _aCorps Head-Quarters 1914 (Page-3), Army Head-Quarters 1915 (Page-71), GHQ 1916 (Page-129), GHQ 1917 (Page-185), GHQ 1918 (Page-281). | ||
| 650 |
_aAT G.H.Q _9108431 |
||
| 942 |
_2ddc _cBK _k940.46,CHA |
||
| 999 |
_c187100 _d187100 |
||